<?xml version="1.0" encoding="UTF-8"?>
<record
    xmlns:xsi="http://www.w3.org/2001/XMLSchema-instance"
    xsi:schemaLocation="http://www.loc.gov/MARC21/slim http://www.loc.gov/standards/marcxml/schema/MARC21slim.xsd"
    xmlns="http://www.loc.gov/MARC21/slim">

  <leader>01622nam a22002057a 4500</leader>
  <controlfield tag="005">20240316111908.0</controlfield>
  <controlfield tag="008">240316b           ||||| |||| 00| 0 eng d</controlfield>
  <datafield tag="020" ind1=" " ind2=" ">
    <subfield code="a">9780367269104</subfield>
  </datafield>
  <datafield tag="040" ind1=" " ind2=" ">
    <subfield code="c">AL</subfield>
  </datafield>
  <datafield tag="041" ind1=" " ind2=" ">
    <subfield code="a">eng</subfield>
  </datafield>
  <datafield tag="082" ind1=" " ind2=" ">
    <subfield code="2">23</subfield>
    <subfield code="a">615.19</subfield>
    <subfield code="b">BRAC</subfield>
  </datafield>
  <datafield tag="100" ind1=" " ind2=" ">
    <subfield code="a">Goutam Brahmachari</subfield>
    <subfield code="9">154859</subfield>
  </datafield>
  <datafield tag="245" ind1=" " ind2=" ">
    <subfield code="a">Chemistry and pharmacology of naturally occurring bioactive compounds</subfield>
  </datafield>
  <datafield tag="260" ind1=" " ind2=" ">
    <subfield code="a">London</subfield>
    <subfield code="b">CRC Press</subfield>
    <subfield code="c">2023</subfield>
  </datafield>
  <datafield tag="300" ind1=" " ind2=" ">
    <subfield code="a">xxii,562p.</subfield>
    <subfield code="b">HB</subfield>
    <subfield code="c">25x17cm.</subfield>
  </datafield>
  <datafield tag="365" ind1=" " ind2=" ">
    <subfield code="2">General</subfield>
    <subfield code="a">7743</subfield>
    <subfield code="b">&#x20B9;3896.10</subfield>
    <subfield code="c">&#x20B9;</subfield>
    <subfield code="d">&#x20B9;4995.00</subfield>
    <subfield code="e">22%</subfield>
    <subfield code="f">15-02-2024</subfield>
  </datafield>
  <datafield tag="520" ind1=" " ind2=" ">
    <subfield code="a">Natural products play crucial roles in modern drug development, and constitute a prolific source of novel lead compounds or pharmacophores for ongoing drug discovery programs. Chemistry and Pharmacology of Naturally Occurring Bioactive Compounds presents cutting-edge research in the chemistry of bioactive natural products and demonstrates how natural product research continues to make significant contributions in the discovery and development of new medicinal entities. 
In 21 chapters, this book highlights chemistry and pharmaceutical potential of natural products in modern drug discovery processes, and covers the synthesis and semi-synthesis of potentially bioactive natural products. Written for photo chemists, synthetic chemists, combinatorial chemists, as well as other practitioners and students in related fields, the book features chemical advances in naturally occurring organic compounds and describes their chemical transformations and structure&#x2013;activity relationships.</subfield>
  </datafield>
  <datafield tag="650" ind1=" " ind2=" ">
    <subfield code="2">Pharmacology</subfield>
    <subfield code="a">Pharmaceutical Chemistry</subfield>
    <subfield code="9">154860</subfield>
  </datafield>
  <datafield tag="942" ind1=" " ind2=" ">
    <subfield code="2">ddc</subfield>
    <subfield code="c">BK</subfield>
  </datafield>
  <datafield tag="999" ind1=" " ind2=" ">
    <subfield code="c">230448</subfield>
    <subfield code="d">230448</subfield>
  </datafield>
  <datafield tag="952" ind1=" " ind2=" ">
    <subfield code="0">0</subfield>
    <subfield code="1">0</subfield>
    <subfield code="2">ddc</subfield>
    <subfield code="4">0</subfield>
    <subfield code="7">0</subfield>
    <subfield code="8">AC</subfield>
    <subfield code="a">SACPG</subfield>
    <subfield code="b">SACPG</subfield>
    <subfield code="d">2024-03-01</subfield>
    <subfield code="e">Biblios Book Point</subfield>
    <subfield code="g">3896.10</subfield>
    <subfield code="l">0</subfield>
    <subfield code="o">615.19 BRAC</subfield>
    <subfield code="p">PG024676</subfield>
    <subfield code="r">2024-03-16 00:00:00</subfield>
    <subfield code="v">4995.00</subfield>
    <subfield code="w">2024-03-16</subfield>
    <subfield code="y">BK</subfield>
  </datafield>
</record>
